000 00740nam a2200253Ia 4500
003 OSt
005 20220918224538.0
006 a|||||r|||| 00| 0
007 ta
008 220917b |||||||| |||| 00| 0 eng d
024 _a229,934
037 _cTextual
040 _aARTS
_cARTS
_beng
041 _2eng
_aeng
082 _aX8(D525):95.29M.95, P6
100 _aSimpson Edward
_9148327
245 0 _aMuslim society and the western Indian ocean
_b the seafarers of Kachchh
260 _aLondon
_bRoutledge
_c2006
300 _axiv, 188p.
_ccm.
490 _aRoutledge indian ocean series
650 _aECONOMICS
942 _hX8(D525):95.29M.95, P6
_cTEXL
_2CC
999 _c281591
_d281591